<?xml version="1.0" encoding="UTF-8"?>
<record
    xmlns:xsi="http://www.w3.org/2001/XMLSchema-instance"
    xsi:schemaLocation="http://www.loc.gov/MARC21/slim http://www.loc.gov/standards/marcxml/schema/MARC21slim.xsd"
    xmlns="http://www.loc.gov/MARC21/slim">

  <leader>01880nam a2200301 i 4500</leader>
  <controlfield tag="003">DO-SdBNP</controlfield>
  <controlfield tag="005">20251021102458.0</controlfield>
  <controlfield tag="007">ta</controlfield>
  <controlfield tag="008">100909s2006    dr ad   r     000 0 spa d</controlfield>
  <datafield tag="040" ind1=" " ind2=" ">
    <subfield code="a">DO-SdBNP</subfield>
    <subfield code="b">spa</subfield>
    <subfield code="c">BNPHU</subfield>
    <subfield code="e">rda</subfield>
  </datafield>
  <datafield tag="041" ind1=" " ind2=" ">
    <subfield code="a">spa</subfield>
  </datafield>
  <datafield tag="082" ind1=" " ind2="4">
    <subfield code="a">352.48</subfield>
    <subfield code="b">R426i 2006</subfield>
    <subfield code="2">22</subfield>
  </datafield>
  <datafield tag="110" ind1="1" ind2=" ">
    <subfield code="a">Rep&#xFA;blica Dominicana.</subfield>
    <subfield code="b">Secretar&#xED;a de Estado de Hacienda.</subfield>
    <subfield code="b">Direcci&#xF3;n General de Presupuesto</subfield>
    <subfield code="9">32266</subfield>
  </datafield>
  <datafield tag="245" ind1="1" ind2="0">
    <subfield code="a">Informe de ejecuci&#xF3;n presupuestaria a&#xF1;o 2006 /</subfield>
    <subfield code="c">director nacional, Luis A. Hern&#xE1;ndez G.</subfield>
  </datafield>
  <datafield tag="264" ind1=" " ind2="1">
    <subfield code="a">Santo Domingo :</subfield>
    <subfield code="b">Secretariado T&#xE9;cnico de la Presidencia,</subfield>
    <subfield code="b">Direcci&#xF3;n General de Presupuesto,</subfield>
    <subfield code="c">2006.</subfield>
  </datafield>
  <datafield tag="300" ind1=" " ind2=" ">
    <subfield code="a">723 p. :</subfield>
    <subfield code="b">il., cuadros, gr&#xE1;ficos ;</subfield>
    <subfield code="c">28 cm.</subfield>
  </datafield>
  <datafield tag="336" ind1=" " ind2=" ">
    <subfield code="a">texto</subfield>
    <subfield code="b">txt</subfield>
    <subfield code="2">rdacontent</subfield>
  </datafield>
  <datafield tag="337" ind1=" " ind2=" ">
    <subfield code="a">sin mediaci&#xF3;n</subfield>
    <subfield code="b">n</subfield>
    <subfield code="2">rdamedia</subfield>
  </datafield>
  <datafield tag="338" ind1=" " ind2=" ">
    <subfield code="a">volumen</subfield>
    <subfield code="b">nc</subfield>
    <subfield code="2">rdacarrier</subfield>
  </datafield>
  <datafield tag="505" ind1=" " ind2=" ">
    <subfield code="a">Administraci&#xF3;n central -- Informe sobre los ingresos -- Gobierno Central  -- Informaci&#xF3;n general sobre los egresos -- Estado de ejecuci&#xF3;n de fondos  -- Ejecuci&#xF3;n del gasto consolidado por capitulo, dependencia, DAF, UE, y objeto  -- Sector descentralizado y aut&#xF3;nomo -- An&#xE1;lisis comparativo de la ejecuci&#xF3;n presupuestaria del sector descentralizado y aut&#xF3;nomo --  Ejecuci&#xF3;n de cada instituci&#xF3;n descentralizada o aut&#xF3;nomo sector descentralizado y aut&#xF3;nomo -- Instituciones de la seguridad social -- Instituciones descentralizadas del gobierno locales -- Empresas p&#xFA;blicas no financieras -- Instituciones p&#xFA;blicas financieras monetarias -- Instituciones p&#xFA;blicas no monetarias.</subfield>
  </datafield>
  <datafield tag="590" ind1=" " ind2=" ">
    <subfield code="a">Inventariado, 2020/VM</subfield>
  </datafield>
  <datafield tag="650" ind1=" " ind2="4">
    <subfield code="a">Presupuesto</subfield>
    <subfield code="z">Rep&#xFA;blica Dominicana</subfield>
    <subfield code="9">7940</subfield>
    <subfield code="y">2007</subfield>
  </datafield>
  <datafield tag="650" ind1=" " ind2="4">
    <subfield code="a">Hacienda p&#xFA;blica</subfield>
    <subfield code="z">Rep&#xFA;blica Dominicana</subfield>
    <subfield code="9">6562</subfield>
  </datafield>
  <datafield tag="650" ind1=" " ind2="7">
    <subfield code="a">Gastos p&#xFA;blicos </subfield>
    <subfield code="z">Rep&#xFA;blica Dominicana</subfield>
    <subfield code="y">2007</subfield>
    <subfield code="9">50808</subfield>
  </datafield>
  <datafield tag="700" ind1="1" ind2=" ">
    <subfield code="a"> Hern&#xE1;ndez G, Luis A., </subfield>
    <subfield code="e">director</subfield>
    <subfield code="9">3496</subfield>
  </datafield>
  <datafield tag="910" ind1=" " ind2=" ">
    <subfield code="a">VMateo /Validado. Control  de calidad MFF</subfield>
  </datafield>
  <datafield tag="942" ind1=" " ind2=" ">
    <subfield code="2">ddc</subfield>
    <subfield code="c">LBS1</subfield>
  </datafield>
  <datafield tag="952" ind1=" " ind2=" ">
    <subfield code="0">0</subfield>
    <subfield code="1">0</subfield>
    <subfield code="2">ddc</subfield>
    <subfield code="5">1</subfield>
    <subfield code="7">1</subfield>
    <subfield code="8">PD</subfield>
    <subfield code="a">BNPHU</subfield>
    <subfield code="b">PD</subfield>
    <subfield code="c">HD</subfield>
    <subfield code="d">2020-12-04</subfield>
    <subfield code="e">Donado por la DIGEPRES</subfield>
    <subfield code="l">0</subfield>
    <subfield code="o">BNPHU R-PD 352.48 R426i 2006</subfield>
    <subfield code="p">2020-0635</subfield>
    <subfield code="r">2020-12-04</subfield>
    <subfield code="w">2020-12-04</subfield>
    <subfield code="y">LBS1</subfield>
  </datafield>
  <datafield tag="952" ind1=" " ind2=" ">
    <subfield code="0">0</subfield>
    <subfield code="1">0</subfield>
    <subfield code="2">ddc</subfield>
    <subfield code="5">1</subfield>
    <subfield code="7">0</subfield>
    <subfield code="8">PD</subfield>
    <subfield code="a">BNPHU</subfield>
    <subfield code="b">BNPHU</subfield>
    <subfield code="c">HD</subfield>
    <subfield code="d">2020-12-04</subfield>
    <subfield code="e">Donado por la DIGEPRES</subfield>
    <subfield code="l">0</subfield>
    <subfield code="o">BNPHU R-PD 352.48 R426i 2006</subfield>
    <subfield code="p">2020-0636</subfield>
    <subfield code="r">2020-12-04</subfield>
    <subfield code="t">e.2</subfield>
    <subfield code="w">2020-12-04</subfield>
    <subfield code="y">LBS1</subfield>
  </datafield>
  <datafield tag="952" ind1=" " ind2=" ">
    <subfield code="0">0</subfield>
    <subfield code="1">0</subfield>
    <subfield code="2">ddc</subfield>
    <subfield code="5">6</subfield>
    <subfield code="7">0</subfield>
    <subfield code="8">DS</subfield>
    <subfield code="a">BNPHU</subfield>
    <subfield code="b">BNPHU</subfield>
    <subfield code="c">HD</subfield>
    <subfield code="d">2020-12-04</subfield>
    <subfield code="e">Donado por la DIGEPRES</subfield>
    <subfield code="l">0</subfield>
    <subfield code="o">BNPHU R-DS 352.48 R426i 2006</subfield>
    <subfield code="p">2020-0637</subfield>
    <subfield code="r">2020-12-04</subfield>
    <subfield code="t">e.3</subfield>
    <subfield code="w">2020-12-04</subfield>
    <subfield code="y">LBS1</subfield>
  </datafield>
  <datafield tag="952" ind1=" " ind2=" ">
    <subfield code="0">0</subfield>
    <subfield code="1">0</subfield>
    <subfield code="2">ddc</subfield>
    <subfield code="5">6</subfield>
    <subfield code="7">0</subfield>
    <subfield code="8">DS</subfield>
    <subfield code="a">BNPHU</subfield>
    <subfield code="b">BNPHU</subfield>
    <subfield code="c">HD</subfield>
    <subfield code="d">2025-10-21</subfield>
    <subfield code="e">Donado por FUNDI</subfield>
    <subfield code="l">0</subfield>
    <subfield code="o">BNPHU R-PD 352.48 R426i 2006</subfield>
    <subfield code="p">2025-11982</subfield>
    <subfield code="r">2025-10-21</subfield>
    <subfield code="t">e.4</subfield>
    <subfield code="w">2025-10-21</subfield>
    <subfield code="y">LBS1</subfield>
  </datafield>
  <datafield tag="999" ind1=" " ind2=" ">
    <subfield code="c">49247</subfield>
    <subfield code="d">49247</subfield>
  </datafield>
</record>
